000 00306nam a22001337a 4500
008 170529b xxu||||| |||| 00| 0 eng d
020 _a0030061199
041 _aeng
080 _a007.52
100 _a27
101 _aIM
245 _aROBOTICS: BASIC ANALYSIS AND DESIGN
_cWOLOVICH,W.A
942 _2udc
_cBK
999 _c14847
_d14847